| 000 | 00000nas 2200000za 4500 |
| 001 | 9.500527 |
| 003 | CaOODSP |
| 005 | 20221107132859 |
| 007 | cr ||||||||||| |
| 008 | 150406c20029999onc x p o||||f0 |0eng|d |
| 022 | |a1707-8253 |
| 040 | |aCaOODSP|beng |
| 041 | |aeng|afre |
| 043 | |an-cn--- |
| 086 | 1 |aYC25-PDF |
| 110 | 1 |aCanada. |bParliament. |bSenate. |bStanding Committee on Fisheries and Oceans. |
| 210 | 0 |aProc. Standing Senate Comm. Fish. Oceans |b(Online) |
| 222 | 0|aProceedings of the Standing Senate Committee on Fisheries and Oceans |b(Online) |
| 240 | 10|aProceedings of the Standing Senate Committee on Fisheries and Oceans (Online) |
| 245 | 10|aProceedings of the Standing Senate Committee on Fisheries and Oceans |h[electronic resource] = |bDélibérations du Comité sénatorial permanent des pêches et des océans. |
| 246 | 11|aDélibérations du Comité sénatorial permanent des pêches et des océans |
| 260 | |aOttawa : |bSenate, |c2002- |
| 310 | |aIrregular |
| 362 | 1 |a37th Parliament, 2nd session, issue no. 2 (Nov. 26/Dec. 3/Dec. 11 2002)— |
| 515 | |aNumbering begins each session with no. 1. |
| 546 | |aText in English and in French. |
| 792 | |tProceedings of the Standing Senate Committee on Fisheries and Oceans |efre|w(CaOODSP)9.500528 |